000 00327 a2200157 4500
001 59079
020 _a8533209738
040 _cAnchieta - Pituba
100 _aNunes, César A.
240 1 0 _aHistória do Brasil
_lpor
245 1 0 _aHistória do Brasil
300 _a256
362 0 _a1999
650 4 _aBrasil
942 _cBK
999 _c59079
_d59079